The Thirld World: New Directions (Record no. 12989)

MARC details
000 -LEADER
fixed length control field 00251nam a2200109 4500
082 ## - DEWEY DECIMAL CLASSIFICATION NUMBER
Classification number BHU
100 ## - MAIN ENTRY--AUTHOR NAME
Personal name Bhutto, Zulfiqar Ali
245 ## - TITLE STATEMENT
Title The Thirld World: New Directions
260 ## - PUBLICATION, DISTRIBUTION, ETC. (IMPRINT)
Place of publication London:
Name of publisher Quarter Books,
Year of publication 1977.
300 ## - PHYSICAL DESCRIPTION
Number of Pages 144p. ;
942 ## - ADDED ENTRY ELEMENTS (KOHA)
Koha item type Books
Holdings
Withdrawn status Lost status Home library Current library Date acquired Cost, normal purchase price Full call number Accession Number Koha item type
    Book Bank Section Book Bank Section 12/02/2020 50.00 BHU B1445 Books